<?xml version="1.0" encoding="UTF-8"?><?xml-stylesheet type="text/xsl" href="static/style.xsl"?><OAI-PMH xmlns="http://www.openarchives.org/OAI/2.0/" xmlns:xsi="http://www.w3.org/2001/XMLSchema-instance" xsi:schemaLocation="http://www.openarchives.org/OAI/2.0/ http://www.openarchives.org/OAI/2.0/OAI-PMH.xsd"><responseDate>2026-06-05T15:46:07Z</responseDate><request verb="GetRecord" identifier="oai:riuma.uma.es:10630/28241" metadataPrefix="marc">https://riuma.uma.es/rest/oai/request</request><GetRecord><record><header><identifier>oai:riuma.uma.es:10630/28241</identifier><datestamp>2026-02-03T11:54:16Z</datestamp><setSpec>com_10630_2254</setSpec><setSpec>col_10630_37959</setSpec></header><metadata><record xmlns="http://www.loc.gov/MARC21/slim" xmlns:dcterms="http://purl.org/dc/terms/" xmlns:doc="http://www.lyncode.com/xoai" xmlns:xsi="http://www.w3.org/2001/XMLSchema-instance" xsi:schemaLocation="http://www.loc.gov/MARC21/slim http://www.loc.gov/standards/marcxml/schema/MARC21slim.xsd">
   <leader>00925njm 22002777a 4500</leader>
   <datafield ind2=" " ind1=" " tag="042">
      <subfield code="a">dc</subfield>
   </datafield>
   <datafield ind2=" " ind1=" " tag="720">
      <subfield code="a">Montes Adalid, Gloria María</subfield>
      <subfield code="e">author</subfield>
   </datafield>
   <datafield ind2=" " ind1=" " tag="260">
      <subfield code="c">2023</subfield>
   </datafield>
   <datafield ind2=" " ind1=" " tag="520">
      <subfield code="a">La irrupción de la Inteligencia Artificial (IA) en la docencia universitaria ha generado debate sobre sus efectos en la enseñanza y el aprendizaje. En esta ponencia, exploraremos cómo la integración de la inteligencia artificial (IA) en la enseñanza del Derecho del Trabajo puede potenciar la ética y el pensamiento crítico de los estudiantes. &#xd;
A medida que la IA se convierte en una herramienta omnipresente en nuestra sociedad, su aplicación en la educación jurídica ofrece nuevas oportunidades y desafíos (y, también, genera miedo e incertidumbre en algunos docentes). No obstante, la IA puede ser una oportunidad para mejorar la enseñanza y el aprendizaje en el aula.  Mediante un enfoque docente activo e innovador, examinaremos cómo la IA puede ser utilizada como una herramienta eficaz para promover el desarrollo del pensamiento crítico en los futuros profesionales del Derecho del Trabajo. Además, se presentarán las ventajas, limitaciones y consideraciones éticas que surgen de esta interacción. El objetivo es mostrar cómo la IA puede enriquecer la enseñanza del Derecho del Trabajo, fomentando la formación de profesionales éticos y analíticos en un mundo jurídico cada vez más tecnológico, y si permite la adaptación del alumnado a las exigencias sociales actuales y mejora el proceso de enseñanza-aprendizaje. Los docentes deben enseñar a sus alumnos a evaluar críticamente la información generada por la IA y a utilizarla de manera responsable, y considerar tanto los beneficios como los riesgos del uso de herramientas como ChatGPT.</subfield>
   </datafield>
   <datafield ind1="8" ind2=" " tag="024">
      <subfield code="a">https://hdl.handle.net/10630/28241</subfield>
   </datafield>
   <datafield tag="653" ind2=" " ind1=" ">
      <subfield code="a">Derecho laboral - Estudio y enseñanza</subfield>
   </datafield>
   <datafield tag="653" ind2=" " ind1=" ">
      <subfield code="a">Enseñanza - Innovaciones</subfield>
   </datafield>
   <datafield tag="653" ind2=" " ind1=" ">
      <subfield code="a">Inteligencia artificial - Aplicaciones pedagógicas</subfield>
   </datafield>
   <datafield ind2="0" ind1="0" tag="245">
      <subfield code="a">Potenciando la ética y el pensamiento crítico en la enseñanza del Derecho del Trabajo a través de la IA: una aproximación activa e innovadora.</subfield>
   </datafield>
</record>
</metadata></record></GetRecord></OAI-PMH>